01009nam a22002537a 45000050016000000080041000160100015000570200026000720350013000980370015001110400018001260820010001441000015001542450199001692500012003682600046003802700077004263000028005035000019005315200196005506500003007466510003007497000003007522011071406036.0110714t xxu||||| |||| 00| 0 eng d aENG-103024 a9789350350096c750.00 aEN-86557 bDBAD / PUB adplbEnglish  a345.5 aMitter, V. aLaw of Defamation & Malicious Prosecution :cby V. Mitter ; revised by K. Shanmukham [and] R.G. Chaturvedibcivil and criminal with model forms of plaints and defences and allied legislations / a12th ed aNew DelhibUniversal Law Publishingc2011 aC-FF-1A, Dilkhush Industrial Estate, G.T. Karnal RoadbNew Delhie110033 aIxxx,694p. c25cm (Hb)  aIncludes index aA compilation of true stories written by teenagers, and by adults writing about their teenage years, focusing on teen relationships with parents, friends, crushes, boyfriends and girlfriends.